[Event "Miraflores"]
[Site "Miraflores"]
[Date "1993.??.??"]
[Round "5"]
[White "Del Rey, Diego"]
[Black "Disconzi da Silva, Rodrigo"]
[Result "1-0"]
[WhiteElo "2380"]
[BlackElo "2315"]

1.d4 d5 2.c4 c6 3.Nf3 dxc4 4.e4 b5 5.a4 e6 6.axb5 cxb5 7.b3 Bb4+ 8.Bd2 Bxd2+
9.Nbxd2 c3 10.Bxb5+ Bd7 11.Bxd7+ Nxd7 12.Nc4 Ngf6 13.Nd6+ Ke7 14.Ng5 Qb6
15.e5 c2 16.Qd2 Qxb3 17.O-O Rhg8 18.exf6+ gxf6 19.Nge4 f5 20.Nxf5+ exf5 21.Ng3 Rg6
22.Rac1 Rc8 23.Rfe1+ Kf8 24.Nxf5 Qc3 25.Qf4 Qc6 26.g3 Re8 27.Re3 Nf6 28.Rxe8+ Nxe8
29.Ne3 Rf6 30.Qh4 Rh6 31.Qg5 Rg6 32.Qa5 Qb6 33.Qa3+ Kg8 34.Nd5 Qa6 35.Ne7+ Kg7
36.Nf5+ Kg8 37.Qc5 Qe2 38.Ne7+ Kg7 39.Rxc2 Qe1+ 40.Kg2 Re6 41.Nf5+ Kg8 42.Ne3 Nd6
43.Qg5+ Kf8 44.d5 Qa5 45.Rb2 Ne8 46.Qh4 Rb6 47.Re2 Qb5 48.Rd2 Qb1 49.Nc4 Rf6
50.Qd4 Qb7 51.Kg1 Qb1+ 52.Rd1 Qg6 53.d6 Nxd6 54.Nxd6 Re6 55.Qxa7 Qf6 56.Qb8+  1-0

[Event "Mlada Boleslav op"]
[Site "Mlada Boleslav"]
[Date "1993.??.??"]
[Round "?"]
[White "Chloupek, Stanislav"]
[Black "Kuporosov, Viktor"]
[Result "1/2-1/2"]
[WhiteElo "2295"]
[BlackElo "2500"]

1.d4 Nf6 2.c4 c6 3.Nf3 d5 4.Qb3 dxc4 5.Qxc4 Bf5 6.g3 Nbd7 7.Bg2 e6 8.O-O Be7
9.Nbd2 O-O 10.Qb3 Nb6 11.Nc4 Nxc4 12.Qxc4 Qb6 13.b3 Rfd8 14.Bg5 h6 15.Bxf6 Bxf6
16.Rfd1 a5 17.e3 Rd7 18.Rac1 Rad8 19.Qc5 Qc7 20.Qc4 Qb8 21.Qe2 Qa7 22.h3 Bg6
23.Kh2 Bh5 24.Qc2 Be7 25.Qe2 Ba3 26.Ra1 f6 27.Qc2 c5 28.dxc5 Qxc5 29.Qxc5 Bxc5
30.Rxd7 Rxd7 31.Rc1 b6 32.Rc2 Kf8 33.Rd2 Ke7 34.Nd4 Bxd4 35.exd4 e5 36.g4 Bf7
37.d5 Kd6 38.Kg3 Rc7 39.Be4 Rc5 40.h4 Bxd5 41.h5 Kc6 42.Bxd5+ Rxd5 43.Rc2+ Rc5
44.Rd2 Rc3+ 45.Kg2 Kc7 46.Kf1 a4 47.bxa4 Ra3 48.f3 Rxa4 49.Ke2 Ra3 50.Rc2+ Kd6
51.Rd2+ Kc6 52.Rc2+ Kd6 53.Rb2 Ra6 54.f4 Kd5 55.fxe5 fxe5 56.Ke3 Ra3+ 57.Kf2 Kc5
58.Rc2+ Kd4 59.Rb2 e4 60.Rxb6 Rxa2+ 61.Kg3 Ra3+ 62.Kg2 Ra7 63.Kf2 e3+ 64.Kf3 Rf7+
65.Ke2 Rf2+ 66.Ke1 Ra2 67.Rb7 Kd3 68.Rd7+ Ke4 69.Rxg7 Kf3 70.Rf7+ Kxg4 71.Re7  1/2-1/2

[Event "Maccabiah"]
[Site "Netanya"]
[Date "1993.??.??"]
[Round "8"]
[White "Kaspi, Alexander"]
[Black "Fridman, Daniel"]
[Result "1/2-1/2"]
[WhiteElo "2415"]
[BlackElo "2425"]

1.d4 d5 2.c4 c6 3.Nf3 Nf6 4.Qb3 dxc4 5.Qxc4 e6 6.g3 Nbd7 7.Bg2 Bd6 8.O-O Qe7
9.Qc2 O-O 10.Nc3 e5 11.Rd1 Re8 12.Bg5 h6 13.dxe5 Bxe5 14.Nxe5 hxg5 15.Nc4 Ne5
16.Nd6 Rd8 17.Nxc8 Raxc8 18.Qf5 g4 19.Qf4 Re8 20.Rd2 Rcd8 21.Rad1 Rxd2 22.Rxd2 Qe6
23.b3 Qe7 24.Qd4 Qa3 25.Nd1 Qc1 26.Qc3 Qb1 27.Qb2 Qxb2 28.Nxb2 Kf8 29.Nd1 Ke7
30.Ne3 g6 31.Nd1 Rd8 32.Rxd8 Kxd8 33.Kf1 Kc7 34.Ke1 Kd6 35.Kd2 b5 36.f4 gxf3
37.exf3 c5 38.f4 Nc6 39.Ne3 Nb4 40.a3 Nbd5 41.Nxd5 Nxd5 42.Bf1 a6 43.a4 Kc6
44.axb5+ axb5 45.f5 gxf5 46.g4 c4 47.bxc4 bxc4 48.Bxc4 Nf6 49.Ke3 Kd6  1/2-1/2

[Event "New York op"]
[Site "New York"]
[Date "1993.??.??"]
[Round "8"]
[White "Laflair, R."]
[Black "Littke, Adam"]
[Result "1-0"]
[WhiteElo "2310"]
[BlackElo "2255"]

1.d4 d5 2.c4 c6 3.Nf3 Nf6 4.Qb3 dxc4 5.Qxc4 Bf5 6.Nc3 Nbd7 7.g3 e6 8.Bg2 Be7
9.O-O O-O 10.Re1 Ne4 11.Bf4 a5 12.Qb3 Nb6 13.Ne5 a4 14.Qd1 Nxc3 15.bxc3 f6
16.Nd3 Nc4 17.e4 Bg6 18.Rb1 b5 19.Qe2 Qa5 20.Nb4 Bxb4 21.cxb4 Qa7 22.Be3 Qe7
23.Rec1 Rac8 24.Rxc4 bxc4 25.Qxc4 Qb7 26.a3 Bf7 27.Qc2 e5 28.dxe5 fxe5 29.Bh3 Rcd8
30.Rc1 Be8 31.Bc5 Rf3 32.Qxa4 Qb5 33.Qa7 Bf7 34.Bf1 Qb8 35.Qxb8 Rxb8 36.a4 Bb3
37.a5 Ba4 38.Bc4+ Kh8 39.Bd6 Re8 40.a6 Bb5 41.Bxb5 cxb5 42.a7 Ra3 43.Bb8 h5
44.Rc5 Ra1+ 45.Kg2 Ra2 46.Kh3 Rf8 47.f4 exf4 48.Rxh5+ Kg8 49.gxf4 Rd8 50.Rxb5 Rd3+
51.Kg4 g6 52.Kg5 Rh3 53.Kxg6 Ra6+ 54.Kg5  1-0

[Event "New York op"]
[Site "New York"]
[Date "1993.??.??"]
[Round "8"]
[White "Gurevich, Dmitry"]
[Black "Bonin, Jay R"]
[Result "1/2-1/2"]
[WhiteElo "2495"]
[BlackElo "2385"]

1.d4 d5 2.c4 c6 3.Nf3 Nf6 4.Qc2 g6 5.g3 Bg7 6.Bg2 O-O 7.O-O Bf5 8.Qb3 Qb6
9.Nc3 dxc4 10.Qxc4 Na6 11.a3 Ne4 12.e3 Nxc3 13.bxc3 Be4 14.a4 c5 15.Qe2 Qc6
16.Ba3 Rfe8 17.Rfd1 Qxa4 18.Bf1 Qc6 19.Ng5 Bf5 20.Bg2 Qc8 21.Qf3 f6 22.Qd5+ e6
23.Qxb7 fxg5 24.Qxc8 Raxc8 25.e4 Bg4 26.f3 Bxf3 27.Bxf3 cxd4 28.cxd4 Rc3
29.Be2 Nc7 30.Bd6 Rd8 31.e5 Bf8 32.Bxf8 Rxf8 33.Rxa7 h5 34.Bd3 Kg7 35.Be4 Kh6
36.Rd2 Rc4 37.Rb7 g4 38.Rb6 Rc1+ 39.Kg2 Rff1 40.Rc6 Rce1 41.Bd3 Rf7 42.Rf2 Rd7
43.Rf6 h4 44.Rd6 Rg7 45.gxh4 Ne8 46.Rf8 Nxd6 47.Rh8+ Rh7 48.Rxh7+ Kxh7 49.exd6 Ra1
50.h5 Ra4 51.d5 exd5 52.Kg3 Kh6 53.hxg6 Kg7 54.d7 Ra8 55.Kxg4 Rd8 56.Bf5 d4  1/2-1/2

[Event "Odorheiu Secuiesc-B"]
[Site "Odorheiu Secuiesc"]
[Date "1993.??.??"]
[Round "2"]
[White "Zimmerman, Yuri"]
[Black "Spulber, Cicerone"]
[Result "0-1"]
[WhiteElo "2360"]
[BlackElo "2365"]

1.d4 d5 2.Nf3 Nf6 3.c4 c6 4.Qc2 e6 5.g3 Bd6 6.Bg2 Nbd7 7.O-O O-O 8.Nc3 b6
9.e4 dxe4 10.Nxe4 Nxe4 11.Qxe4 Bb7 12.Ne5 Nxe5 13.dxe5 Be7 14.Be3 Rb8 15.c5 Bxc5
16.Bxc5 bxc5 17.Rfc1 Qd4 18.Rab1 Rfd8 19.Qxd4 cxd4 20.Bxc6 Bxc6 21.Rxc6 Rd5
22.Rd1 g5 23.b3 Rbd8 24.f4 Kg7 25.Kf2 Kg6 26.Kf3 d3 27.Ke3 d2 28.Rc7 Rd3+
29.Ke2 gxf4 30.gxf4 Rh3 31.Rg1+ Kf5 32.Kd1 Rxh2 33.Rxf7+ Ke4 34.Rxa7 Ke3
35.Rc7 Kxf4 36.Rc5 Ke3 37.Rf1 h5 38.b4 h4 39.b5 h3 40.Rc3+ Kd4 41.Rff3 Rg8
42.Rcd3+ Kc4 43.Rc3+ Kb4 44.Rb3+ Ka5 45.Rf1 Rc8 46.Rb1 Rc1+  0-1

[Event "Odorheiu Secuiesc op"]
[Site "Odorheiu Secuiesc"]
[Date "1993.??.??"]
[Round "4"]
[White "Dumitrache, Dragos"]
[Black "Dovzik, Juri"]
[Result "1/2-1/2"]
[WhiteElo "2385"]
[BlackElo "2345"]

1.d4 d5 2.c4 c6 3.Nf3 Nf6 4.Qb3 Qb6 5.Nc3 Bf5 6.cxd5 Qxb3 7.axb3 Nxd5 8.Nxd5 cxd5
9.e3 f6 10.Bd2 Nc6 11.Bb5 Bd7 12.O-O e6 13.Rfc1 Bd6 14.Ne1 Ke7 15.Be2 Rhc8
16.Nd3 Nd8 17.Kf1  1/2-1/2

[Event "Odorheiu Secuiesc-B"]
[Site "Odorheiu Secuiesc"]
[Date "1993.??.??"]
[Round "5"]
[White "Ionescu, Constantin"]
[Black "Komliakov, Viktor"]
[Result "1/2-1/2"]
[WhiteElo "2460"]
[BlackElo "2440"]

1.d4 d5 2.c4 c6 3.Nf3 Nf6 4.Qc2 g6 5.Bf4 Bg7 6.e3 O-O 7.Nc3 Be6 8.Qb3 Qc8
9.Rc1 Nbd7 10.Ng5 dxc4 11.Bxc4 Bxc4 12.Qxc4 Nd5 13.Bg3 Nxc3 14.bxc3 c5 15.O-O cxd4
16.cxd4 Qxc4 17.Rxc4 Rfc8 18.Rfc1 Rxc4 19.Rxc4 Nb6 20.Rc7 Rc8 21.Rxc8+ Nxc8
22.Ne4 Kf8 23.Kf1 e6 24.Ke2 Ke7 25.Kd3 b6 26.f3 f5 27.Nc3  1/2-1/2

[Event "Odorheiu Secuiesc-B"]
[Site "Odorheiu Secuiesc"]
[Date "1993.??.??"]
[Round "6"]
[White "Zimmerman, Yuri"]
[Black "Botvinnik, Ilia"]
[Result "0-1"]
[WhiteElo "2360"]
[BlackElo "2395"]

1.d4 d5 2.Nf3 Nf6 3.c4 c6 4.Qc2 g6 5.Bf4 dxc4 6.Qxc4 Bg7 7.Nc3 Be6 8.Qd3 Nd5
9.Nxd5 cxd5 10.Qb5+ Qd7 11.Qxd7+ Bxd7 12.e3 Nc6 13.Be2 O-O 14.O-O Rfc8 15.Rac1 e6
16.Nd2 Ne7 17.Nb3 Rxc1 18.Rxc1 Rc8 19.Rb1 Be8 20.Kf1 f6 21.Bd6 Kf7 22.g4 Bf8
23.Nc5 b6 24.Na6 Nc6 25.Bxf8 Kxf8 26.Rc1 Ke7 27.Ke1 g5 28.Kd2 Kd6 29.h4 h6
30.Rh1 Bd7 31.hxg5 hxg5 32.Rh7 Rf8 33.Bb5 Nb8 34.Bxd7 Nxd7 35.Nb4 a5 36.Nd3 e5
37.dxe5+ fxe5 38.Rh6+ Rf6 39.Rxf6+ Nxf6 40.f3 e4 41.fxe4 Nxg4 42.exd5 Kxd5
43.a4 Ne5 44.b4 Nxd3 45.bxa5 Nc5 46.axb6 Kc6 47.a5 Kb5 48.b7 Nxb7 49.e4  0-1

[Event "Odorheiu Secuiesc-B"]
[Site "Odorheiu Secuiesc"]
[Date "1993.??.??"]
[Round "8"]
[White "Ionescu, Constantin"]
[Black "Botvinnik, Ilia"]
[Result "1/2-1/2"]
[WhiteElo "2460"]
[BlackElo "2395"]

1.d4 d5 2.c4 c6 3.Nf3 Nf6 4.Qc2 g6 5.Bf4 dxc4 6.Qxc4 Bg7 7.e3 O-O 8.Be2 Qb6
9.Qc2 c5 10.Nc3 cxd4 11.Nxd4 Nc6 12.Nxc6 Qxc6 13.O-O Be6  1/2-1/2

[Event "Osijek"]
[Site "Osijek"]
[Date "1993.??.??"]
[Round "6"]
[White "Berebora, Ferenc"]
[Black "Horvath, Csaba"]
[Result "1/2-1/2"]
[WhiteElo "2425"]
[BlackElo "2495"]

1.d4 d5 2.c4 dxc4 3.Nf3 c6 4.e3 b5 5.a4 e6 6.axb5 cxb5 7.b3 Bb4+ 8.Bd2 Bxd2+
9.Nbxd2 a5 10.bxc4 b4 11.c5 Nf6 12.Bb5+ Bd7 13.Qa4 O-O 14.Ne5 Bxb5 15.Qxb5 Nd5
16.Ne4 Qc7 17.O-O f6 18.Nc4 Nc6 19.Nb6 Rab8 20.Qc4 Qd8  1/2-1/2

[Event "Paris-ch"]
[Site "Paris"]
[Date "1993.??.??"]
[Round "3"]
[White "Bouton, Christophe"]
[Black "Wagner, Claude"]
[Result "1/2-1/2"]
[WhiteElo "2210"]
[BlackElo "2310"]

1.d4 d5 2.c4 c6 3.Nf3 Nf6 4.Qc2 g6 5.Bf4 dxc4 6.Qxc4 Bg7 7.e3 O-O 8.Be2 Qa5+
9.Qc3 Qb6 10.Qa3 Nd5 11.Be5 Nb4 12.Qc3 Bf5 13.Na3 Nd5 14.Qd2 Bxe5 15.Nxe5 Qb4
16.Qxb4 Nxb4 17.O-O f6 18.Nf3 Nd7 19.Nc4 a5 20.a3 Nd5 21.Ncd2 Be6 22.Rac1 Rfd8
23.Ne4 Nc7 24.Nc5 Nxc5 25.Rxc5 Ne8 26.Nd2 Nd6 27.Rfc1 Kf7 28.f3 g5 29.Kf2 h6
30.Rh1 Kg7 31.h4 Rdc8 32.hxg5 hxg5 33.Bd3 Bg8 34.Rhc1 Be6 35.Rh1 Bg8 36.Rc3 Rd8
37.Nb3 Rdc8 38.Rhc1 Rd8 39.Nc5 Ra7 40.Na4 Nc8 41.Nc5 Nd6 42.g4 Bf7 43.Rh1 Rh8
44.Rxh8 Kxh8 45.Ne4 Nxe4+ 46.Bxe4 Ra6 47.b3 Rb6 48.Bc2 Kg7 49.Ke2 Rb5 50.Kd2 e5
51.Rc5 exd4 52.exd4 Rb6 53.Kc3 Ra6 54.Be4 Rb6 55.b4 axb4+ 56.axb4 Kf8 57.Ra5 Ke7
58.Ra8 Kd6 59.Bd3 Bd5 60.Be2 Be6 61.Rh8 Ke7 62.Rh7+ Kd6 63.Rh1  1/2-1/2

[Event "World op"]
[Site "Philadelphia"]
[Date "1993.??.??"]
[Round "?"]
[White "Baumbach, Friedrich"]
[Black "Shipman, Walter"]
[Result "1/2-1/2"]
[WhiteElo "2345"]
[BlackElo "2345"]

1.d4 d5 2.c4 c6 3.Nf3 Nf6 4.Qc2 e6 5.Bg5 Nbd7 6.cxd5 exd5 7.Nc3 Be7 8.e3 O-O
9.Bd3 Re8 10.O-O-O Nf8 11.h3 b5 12.Kb1 a5 13.Ne5 Bb7 14.Rc1 a4  1/2-1/2

[Event "World op"]
[Site "Philadelphia"]
[Date "1993.??.??"]
[Round "3"]
[White "Baumbach, Friedrich"]
[Black "Atutubo, Rodrigo"]
[Result "1/2-1/2"]
[WhiteElo "2345"]
[BlackElo "2205"]

1.d4 d5 2.c4 c6 3.Nf3 Nf6 4.Qc2 e6 5.Bg5 Nbd7 6.cxd5 exd5 7.Nc3 Be7 8.e3 O-O
9.Bd3 Re8 10.O-O-O h6 11.Bf4 Nf8 12.h3 Be6 13.g4 b5 14.Kb1 b4 15.Na4 Ne4
16.Ne5 Rc8 17.f3 f6 18.Nxc6 Qd7 19.fxe4 Rxc6 20.Qe2 Rc4 21.b3 Rec8 22.exd5 Bxd5
23.e4 Rxd4 24.exd5 Rxf4 25.Bf5 Rxf5 26.gxf5 Qxf5+ 27.Qd3 Qxd3+ 28.Rxd3 Bd6
29.Nb2 Nd7 30.Nc4 Bc5 31.Re1 f5 32.Re6 f4 33.Rf3 Rf8 34.Kc2 Rf5 35.d6 Nf6
36.Re8+ Kh7 37.Re7 Nd5 38.Rb7  1/2-1/2

[Event "RL-chB"]
[Site "Polch"]
[Date "1993.??.??"]
[Round "?"]
[White "Kaster, Martin"]
[Black "Braemigk, Uwe"]
[Result "1-0"]
[WhiteElo "1995"]
[BlackElo "1935"]

1.d4 Nf6 2.Nf3 d5 3.c4 c6 4.g3 Bf5 5.Bg2 e6 6.O-O dxc4 7.Nc3 Nbd7 8.a4 Qa5
9.Bd2 Bb4 10.Qe1 Bc2 11.Nd1 Bxd2 12.Qxd2 Qxd2 13.Nxd2 Nb6 14.a5 Nbd5 15.Nxc4 Ke7
16.Ne5 Rac8 17.Nc3 Rhd8 18.Rfc1 Bf5 19.a6 b6 20.Nxd5+ cxd5 21.Nc6+ Rxc6 22.Rxc6 Ne8
23.f3 Nd6 24.Rc7+ Rd7 25.Rxd7+ Kxd7 26.Rc1 Bg6 27.Kf2 f6 28.e3 Bd3 29.Bf1 Bxf1
30.Rxf1 Nc4 31.b3 Nd2 32.Rd1 Nxb3 33.Rb1  1-0

[Event "POR-ch"]
[Site "?"]
[Date "1993.??.??"]
[Round "10"]
[White "Amaral, Nuno"]
[Black "Camejo, Rui"]
[Result "1-0"]
[WhiteElo "2225"]
[BlackElo "2275"]

1.d4 d5 2.c4 c6 3.Nf3 Nf6 4.g3 Bf5 5.Nbd2 Na6 6.Qa4 e6 7.a3 Ne4 8.Bg2 Be7
9.O-O O-O 10.Ne5 Bf6 11.Ndf3 dxc4 12.Qxc4 Nd6 13.Qa4 Be4 14.Rd1 Qe7 15.b4 h5
16.h4 Nc7 17.Qb3 a5 18.Bd2 a4 19.Qb2 Rfc8 20.Rac1 Na6 21.Bf4 b6 22.Ng5 Bxg2
23.Kxg2 c5 24.b5 Nc7 25.Qb1 Bxg5 26.Bxg5 Qe8 27.dxc5 Ndxb5 28.cxb6 Nd5 29.b7 Rxc1
30.Rxc1 Rb8 31.Rc8 Rxc8 32.bxc8=Q Qxc8 33.Qxb5 f6 34.Nc6 fxg5 35.Qxd5 Kh8
36.Ne7 Qe8 37.Qxg5 Kh7 38.f3 Qf7 39.Nc6 Kg8 40.Ne5 Kf8  1-0

[Event "Ramat Hasharon"]
[Site "Ramat Hasharon"]
[Date "1993.??.??"]
[Round "3"]
[White "Zilberman, Yaacov"]
[Black "Timanin, Boris"]
[Result "1-0"]
[WhiteElo "2510"]
[BlackElo "2355"]

1.d4 d5 2.Nf3 Nf6 3.c4 c6 4.Qc2 g6 5.e3 Bf5 6.Bd3 Bxd3 7.Qxd3 Bg7 8.Nc3 O-O
9.O-O Na6 10.Rd1 Qd7 11.cxd5 cxd5 12.Ne5 Qe6 13.Qb5 Rfc8 14.Bd2 Rc7 15.Qa5 Qb6
16.Qxb6 axb6 17.Kf1 Bf8 18.f3 e6 19.a3 Nb8 20.Rac1 Nbd7 21.Nd3 Rac8 22.Ke2 Ne8
23.Be1 Rc4 24.h3 h5 25.g4 hxg4 26.hxg4 Bd6 27.b3 R4c6 28.Nb5 Rc2+ 29.Rxc2 Rxc2+
30.Rd2 Rxd2+ 31.Kxd2 Bb8 32.g5 Nd6 33.Nc3 Nf5 34.Bf2 Bg3 35.Bxg3 Nxg3 36.Nb5 Nf5
37.e4 dxe4 38.fxe4 Ne7 39.Nd6 Nc6 40.Kc3 Nd8 41.e5 Nb8 42.Nb2 Kf8 43.Nbc4 b5
44.Nxb5 Ke7 45.Nb6 Ndc6 46.Nd6 Nd8 47.a4 Na6 48.b4 Nc7 49.Kc4 f5 50.gxf6+ Kf8
51.b5 g5 52.Kd3 Kg8 53.Ke4  1-0

[Event "Reykjavik op"]
[Site "Reykjavik"]
[Date "1993.??.??"]
[Round "7"]
[White "Gausel, Einar"]
[Black "Stangl, Markus"]
[Result "0-1"]
[WhiteElo "2485"]
[BlackElo "2505"]

1.d4 d5 2.c4 c6 3.Nf3 dxc4 4.e3 b5 5.a4 e6 6.Nc3 Bb4 7.Bd2 a5 8.axb5 Bxc3
9.Bxc3 cxb5 10.b3 Bb7 11.bxc4 b4 12.Bb2 Nf6 13.Bd3 O-O 14.O-O Nbd7 15.Qc2 Qc7
16.Rfc1 Qc6 17.d5 exd5 18.Nd4 Qc5 19.Nf5 dxc4 20.Qxc4 Qxc4 21.Bxc4 a4 22.f3 Rfb8
23.e4 a3 24.Bd4 b3 25.Bxb3 Bxe4 26.Bxf7+ Kxf7 27.Nd6+ Ke7 28.Nxe4 Ra4 29.Nxf6 gxf6
30.Re1+ Kf7 31.Red1 Nf8 32.Bc3 Rb3 33.Rdc1 a2 34.Be1 Ne6 35.Kf1 Nd4 36.h4 Rb7
37.Bc3 Nb3 38.Ke1 Nxc1  0-1

[Event "Rishon Le Ziyyon"]
[Site "Rishon Le Ziyyon"]
[Date "1993.??.??"]
[Round "1"]
[White "Davies, Nigel R"]
[Black "Rotman, Daniel"]
[Result "1-0"]
[WhiteElo "2505"]
[BlackElo "2205"]

1.d4 d5 2.Nf3 c6 3.c4 Nf6 4.Qb3 e6 5.g3 dxc4 6.Qxc4 b5 7.Qc2 Bb7 8.Bg2 Nbd7
9.Bg5 Qb6 10.a4 a6 11.O-O Rc8 12.Nc3 c5 13.Bxf6 Nxf6 14.axb5 axb5 15.Qb3 cxd4
16.Qxb5+ Qxb5 17.Nxb5 Bxf3 18.Bxf3 Bc5 19.b4 Bxb4 20.Na7 O-O 21.Nxc8 Rxc8
22.Rfb1 Bc3 23.Ra7 Rf8 24.Kg2 g6 25.Rbb7 Ne8 26.Bc6 Ng7 27.f4 Bd2 28.Kf3 Nh5
29.Bb5 Be3 30.Bc4 Ng7 31.g4 Bg1 32.h3 Be3 33.Rd7 Bg1 34.Rab7 Be3 35.Ke4 Bg1
36.Ke5 Bf2 37.Bb3 Be3 38.Ke4 Bf2 39.Kf3 Be3 40.Kg3 Bg1 41.Bc4 Be3 42.Ba2 Bg1
43.Bb3 Be3 44.h4 Bg1 45.h5 gxh5 46.f5 d3 47.exd3  1-0

[Event "ROM-chT"]
[Site "ROM"]
[Date "1993.??.??"]
[Round "7"]
[White "Dumitrache, Dragos"]
[Black "Bach, Adrian"]
[Result "1/2-1/2"]
[WhiteElo "2385"]
[BlackElo "2345"]

1.d4 d5 2.c4 c6 3.Nf3 Nf6 4.Qb3 dxc4 5.Qxc4 Bf5 6.g3 e6 7.Bg2 Be7 8.O-O Nbd7
9.Nc3 O-O 10.e3 Ne4 11.Qe2 Nxc3 12.bxc3 Be4 13.a4 Qc7 14.Bb2 c5 15.c4 Bf6
16.Rfd1 Rfd8 17.Bf1 Rac8 18.Nd2 Bc2 19.Rdc1 Bg6 20.Ra2 Nb8 21.d5 exd5 22.Bxf6 gxf6
23.Bh3 f5 24.cxd5 Rxd5 25.e4 Re8 26.Qb5 Rxe4 27.Nxe4 fxe4 28.Rb2 b6 29.a5 Nc6
30.axb6 axb6 31.Qxb6 Qe5 32.Bf1 Nb4 33.Rb3 Nd3 34.Qb8+ Qxb8 35.Rxb8+ Kg7
36.Rc3 Rd6 37.Ra8 f5 38.Ra2 Bf7 39.Ra5 Kf6 40.Be2 c4 41.Rca3 Bd5 42.Ra6 Rxa6
43.Rxa6+ Ke5 44.Bd1 c3 45.Ra7 Nb4 46.Rc7 Kd4 47.h4 h5 48.Ba4 Bc4 49.Rd7+ Bd5
50.Rc7 Bc4 51.Rd7+ Bd5 52.Rc7  1/2-1/2

[Event "Rostov"]
[Site "Rostov"]
[Date "1993.??.??"]
[Round "?"]
[White "Lputian, Smbat G"]
[Black "Smyslov, Vassily"]
[Result "1/2-1/2"]
[WhiteElo "2610"]
[BlackElo "2530"]

1.d4 d5 2.c4 c6 3.Nf3 Nf6 4.Qb3 dxc4 5.Qxc4 Bf5 6.g3 e6 7.Nc3 Nbd7 8.Bg2 h6
9.O-O Be7 10.e3 O-O 11.Qe2 Ne4 12.Nd2 Nxd2 13.Bxd2 e5 14.d5 Nb6 15.e4 Bd7
16.Rfd1 Bc5 17.dxc6 bxc6 18.Be3 Bxe3 19.Qxe3 Qe7 20.Bf1 Rfd8 21.b3 Be6 22.Rac1 Rxd1
23.Rxd1 Rc8 24.Qd2 Kf8 25.Ba6 Rc7 26.Qb2 Rd7 27.Rxd7 Bxd7 28.Ne2 Qd6 29.Kg2 c5
30.Qc2 Bc6 31.Nc3 Qd4 32.Bb5 Bb7 33.Bd3 a6 34.Ne2 Qd6 35.f3 Nd7 36.Nc3 Qd4
37.Na4 Qe3 38.Bc4 Ke7 39.Qd1 Nf6 40.Qd3 Qxd3 41.Bxd3 Nd7 42.Kf2 Kd6 43.Ke3 f6
44.h4 Kc6 45.Nc3 Nb6 46.f4 exf4+ 47.gxf4 Kd6 48.Ne2 g5 49.h5 Bc8 50.Ng3 Ke7
51.Be2 a5 52.Nh1 Be6 53.Nf2 gxf4+ 54.Kxf4 c4 55.bxc4 Nxc4 56.Ng4 Ne5  1/2-1/2

[Event "Rostov op"]
[Site "Rostov"]
[Date "1993.??.??"]
[Round "?"]
[White "Raetsky, Alexander"]
[Black "Savchenko, Stanislav"]
[Result "0-1"]
[WhiteElo "2465"]
[BlackElo "2535"]

1.d4 d5 2.c4 c6 3.Nf3 Nf6 4.Qc2 Bg4 5.Ne5 Bh5 6.Qb3 Qb6 7.Nc3 e6 8.c5 Qc7
9.Bf4 Qc8 10.f3 Nbd7 11.g4 Bg6 12.h4 h6 13.Nxg6 fxg6 14.e4 Be7 15.Bd3 O-O
16.Bg3 b6 17.cxb6 Nxb6 18.O-O-O Nfd7 19.exd5 cxd5 20.Rhf1 Qd8 21.Rde1 Bxh4
22.Bxh4 Qxh4 23.Rxe6 Nf6 24.Qc2 Rac8 25.Kb1 Rc7 26.Qe2 Nc4 27.Bxc4 Rxc4 28.Rd1 Rb4
29.Re7 Kh7 30.Rxa7 Re8 31.Re7 Reb8 32.b3 Ne4 33.Rxe4 dxe4 34.fxe4 Qg3 35.Kb2 Rf8
36.Rd3 Qg1 37.Qe3 Qxe3 38.Rxe3 Rxd4  0-1

[Event "Rostov op"]
[Site "Rostov"]
[Date "1993.??.??"]
[Round "?"]
[White "Osnos, Viatcheslav"]
[Black "Yagupov, Igor"]
[Result "1-0"]
[WhiteElo "2440"]
[BlackElo "2415"]

1.d4 d5 2.c4 c6 3.Nf3 Nf6 4.Nbd2 Bf5 5.g3 e6 6.Bg2 Nbd7 7.Nh4 Bg4 8.h3 Bh5
9.g4 Bg6 10.Nxg6 hxg6 11.Qb3 Qc7 12.cxd5 exd5 13.g5 Nh5 14.Nf3 O-O-O 15.e3 Re8
16.Kd1 Bd6 17.Bd2 f5 18.gxf6 gxf6 19.Ne1 f5 20.Bxd5 f4 21.Bf7 Re7 22.Bxg6 fxe3
23.fxe3 Ng3 24.Rg1 Nf6 25.Nd3 Rh6 26.Rxg3 Bxg3 27.Bf5+ Kb8 28.Nc5 Qb6 29.Kc2 Qxb3+
30.axb3 b6 31.Nd3 Ne4 32.Rg1 Nxd2 33.Kxd2 Rg7 34.Bg4 Bh4 35.Ne5 Kc7 36.Ra1 a5
37.b4 Be7 38.bxa5 bxa5 39.Kd3 Bb4 40.Nc4 Rg5 41.Rf1 Rg7 42.e4 Rgh7 43.e5 Rxh3+
44.Bxh3 Rxh3+ 45.Ke4 a4 46.Rf7+ Kd8 47.Rb7 Rh4+ 48.Kf5 Be1 49.Nd6 Bg3 50.Ra7 Rh2
51.Ne4 Be1 52.Nd6 Bb4 53.Nf7+ Kc8 54.Rxa4 Rxb2 55.Ke6 Kc7 56.Nd6 Be1 57.Rc4 Rd2
58.Ne4 Rd1 59.Kf7 Kb6 60.Ke8 c5 61.dxc5+ Kc6 62.e6 Kd5 63.c6 Ba5 64.Rc5+ Kxe6
65.Rxa5 Rc1 66.Ra6 Kd5 67.Kd7  1-0

[Event "Sala op"]
[Site "Sala"]
[Date "1993.??.??"]
[Round "7"]
[White "Priehoda, Vitezslav"]
[Black "Zapolskis, Antanas"]
[Result "1/2-1/2"]
[WhiteElo "2440"]
[BlackElo "2335"]

1.c4 Nf6 2.d4 c6 3.Nf3 d5 4.Qb3 a6 5.Nc3 dxc4 6.Qxc4 Bf5 7.g3 e6 8.Bg2 Nbd7
9.O-O c5 10.dxc5 Bxc5 11.Qb3 Qb6 12.Nh4 Qxb3 13.axb3 Bc2 14.Bxb7 Rb8 15.Bxa6 Bxb3
16.Nf3 e5 17.Bb5 Ke7 18.Bg5 h6 19.Bxd7 hxg5 20.Ba4 Be6 21.Nxe5 Rxb2 22.Rac1 Rc8
23.Nd3 Rbb8 24.Nd5+ Bxd5 25.Nxc5 Ra8 26.e4 Nxe4 27.Nxe4 Rxc1 28.Rxc1 Bxe4
29.Bc6  1/2-1/2

[Event "Sala op"]
[Site "Sala"]
[Date "1993.??.??"]
[Round "9"]
[White "Priehoda, Vitezslav"]
[Black "Pcola, Pavel"]
[Result "1/2-1/2"]
[WhiteElo "2440"]
[BlackElo "2275"]

1.d4 d5 2.c4 c6 3.Nf3 Nf6 4.Qb3 dxc4 5.Qxc4 g6 6.Nc3 Bg7 7.g3 O-O 8.Bg2 Be6
9.Qd3 Na6 10.O-O Nb4 11.Qd2 Bc4 12.b3 Be6 13.e4 Qc8 14.Ng5 Rd8 15.Ba3 Ne8
16.Ne2 a5 17.Rac1 h6 18.Nxe6 Qxe6 19.f4 Nd6 20.Nc3 Ne8 21.e5 Nc7 22.Rfd1 Ncd5
23.Na4 h5 24.Qf2 Qf5 25.Nc5 Rab8 26.Ne4 h4 27.Qe2 hxg3 28.hxg3 Bh6 29.Rf1 Qd7
30.Rcd1 Qc7 31.Rf3 Qb6 32.Bc1 Nc7 33.Be3 Qb5 34.Qd2 Nbd5 35.Bf2 Qb4 36.Qb2 e6
37.Be1 Qb6 38.Qd2 Ra8 39.g4 Nb5 40.g5 Bg7 41.a4 Nbc7 42.Rh3 Ne7 43.Bf2 Ncd5
44.Nf6+ Kf8 45.Be4 Nf5 46.Bxf5 exf5 47.Kg2 Ke7 48.Rh7 Rh8 49.Nxd5+ cxd5 50.Rxh8 Rxh8
51.Qc3 Kd7 52.Rc1 Ra8 53.Qf3 Ke6 54.Rc5 Qd8 55.Qc3 Bf8 56.Rc7 Bb4 57.Qc2 Rb8
58.Rxb7 Rxb7 59.Qc6+ Ke7 60.Qxb7+ Qd7 61.Qb6 Qe6 62.Qc7+ Qd7 63.Qc2 Qb7 64.Kf3 Qa6
65.Qc7+ Ke8 66.Kg2 Qe2 67.Qc6+ Kf8 68.Qxd5 Qg4+ 69.Bg3 Qe2+ 70.Bf2 Qg4+ 71.Bg3 Qe2+  1/2-1/2

[Event "Sala op"]
[Site "Sala"]
[Date "1993.??.??"]
[Round "10"]
[White "Tibensky, Robert"]
[Black "Priehoda, Vitezslav"]
[Result "1-0"]
[WhiteElo "2425"]
[BlackElo "2440"]

1.d4 d5 2.Nf3 c6 3.c4 dxc4 4.e3 b5 5.a4 e6 6.axb5 cxb5 7.b3 Bb4+ 8.Bd2 Bxd2+
9.Nbxd2 a5 10.bxc4 b4 11.Ne5 Nf6 12.Bd3 O-O 13.O-O Bb7 14.Qc2 Nc6 15.Nef3 g6
16.Ra2 Nd7 17.Rfa1 Nb6 18.Qb2 a4 19.Be4 b3 20.Ra3 Na5 21.Bxb7 Naxc4 22.Nxc4 Nxc4
23.Qc1 Nxa3 24.Bxa8 Nc2 25.Rxa4 Qd7 26.Ra5 Qc7 27.Rc5  1-0

[Event "San Sebastian op"]
[Site "San Sebastian"]
[Date "1993.??.??"]
[Round "?"]
[White "Kurajica, Bojan"]
[Black "Franco Ocampo, Zenon"]
[Result "1/2-1/2"]
[WhiteElo "2535"]
[BlackElo "2505"]

1.d4 Nf6 2.Nf3 d5 3.c4 c6 4.Qc2 e6 5.Nbd2 Nbd7 6.a3 c5 7.cxd5 exd5 8.g3 cxd4
9.Bg2 Bc5 10.Nb3 Bb6 11.O-O O-O 12.Bf4 Re8 13.Rac1 Ne4 14.Nbxd4 Qf6 15.Nb5 Ndc5
16.b4 Ne6 17.Be5 Qe7 18.Nc3 Nxc3 19.Qxc3 a5 20.Rfd1 axb4 21.axb4 d4 22.Nxd4 Nxd4
23.Bxd4 Bxd4 24.Rxd4 Qxe2 25.h4 h6 26.Bf3 Qa6 27.Qd3 Qb6 28.Re4 Be6 29.Qd4 Qa6
30.Rc7 Red8 31.Qb2 Qb6 32.Rc5 Ra2 33.Qc3 Rdd2  1/2-1/2

[Event "SLO-chJ"]
[Site "?"]
[Date "1993.??.??"]
[Round "?"]
[White "Tratar, Marko"]
[Black "Zugaj, Fjodor"]
[Result "1-0"]
[WhiteElo "2290"]
[BlackElo "2205"]

1.d4 d5 2.c4 c6 3.Nf3 Nf6 4.Qb3 e6 5.g3 Nbd7 6.Bg2 Bd6 7.O-O O-O 8.Bf4 dxc4
9.Qxc4 Nb6 10.Qc2 Bxf4 11.gxf4 Nbd5 12.e3 Bd7 13.Ne5 Rc8 14.Rc1 b6 15.Qd2 c5
16.dxc5 bxc5 17.Na3 Qe7 18.Qa5 Rc7 19.Nxd7 Qxd7 20.Rxc5 Rxc5 21.Qxc5 Rc8
22.Qd4 Qc7 23.b3 Qc3 24.Qxc3 Rxc3 25.Kf1 a5 26.Nb5 Rc2 27.Nd4 Rb2 28.Rc1 g6
29.Rc2 Rb1+ 30.Ke2 Ra1 31.Nc6 Kg7 32.Kd3 h5 33.h3 h4 34.Kc4 Nh5 35.Nxa5 Ndxf4
36.exf4 Nxf4 37.b4 Nxg2 38.b5 Nf4 39.b6 Nd5 40.b7 Nb6+ 41.Kb5 Nd7 42.Rd2  1-0

[Event "Szeged op"]
[Site "Szeged"]
[Date "1993.??.??"]
[Round "3"]
[White "Sleisz, Tamas"]
[Black "Varga, Zoltan"]
[Result "1/2-1/2"]
[WhiteElo "2215"]
[BlackElo "2475"]

1.d4 d5 2.c4 dxc4 3.Nf3 c6 4.a4 e6 5.e3 b5 6.axb5 cxb5 7.b3 Bb4+ 8.Bd2 Bxd2+
9.Qxd2 a5 10.Na3 Nf6 11.Nxb5 cxb3 12.Qc3 O-O 13.Qxb3 Bb7 14.Bd3 Bd5 15.Qd1 Nc6
16.O-O Nb4 17.Nc3 Bxf3 18.gxf3 Rc8 19.Ne4 Nxe4 20.fxe4 e5 21.Bb1 exd4 22.exd4 f5
23.exf5 Rc4 24.Qb3 Qxd4  1/2-1/2